书目信息 |
| 题名: |
建筑工程设计专业图库
|
|
| 作者: | ;上海现代建筑设计(集团)有限公司 编著 | |
| 分册: | 小户型、保障性住房专篇 | |
| 出版信息: | 北京 中国建筑工业出版社 2011 |
|
| 页数: | 184页 | |
| 开本: | 29cm | |
| 丛书名: | 现代设计集团丛书 | |
| 单 册: | ||
| 中图分类: | TU241-64 , TU206 | |
| 科图分类: | 86.15 | |
| 主题词: | 建筑设计--jian zhu she ji--中国--现代--图集 , 住宅--Zhu Zhai--建筑设计--中国--现代--图集 | |
| 电子资源: | ||
| ISBN: | 978-7-112-12391-9 | |
| 000 | 01256nam 2200289 450 | |
| 001 | 0100004589 | |
| 005 | 20191025144901.35 | |
| 010 | @a978-7-112-12391-9@dCNY39.00 | |
| 100 | @a20110316d2011 ekmy0chiy50 ea | |
| 101 | 0 | @achi |
| 102 | @aCN@b110000 | |
| 105 | @aak z 000yy | |
| 200 | 1 | @a建筑工程设计专业图库@AJian Zhu Gong Cheng She Ji Zhuan Ye Tu Ku@i小户型、保障性住房专篇@f上海现代建筑设计(集团)有限公司编著 |
| 210 | @a北京@c中国建筑工业出版社@d2011 | |
| 215 | @a184页@c图@d29cm | |
| 225 | 2 | @a现代设计集团丛书@Axian dai she ji ji tuan cong shu |
| 330 | @a本书内容主要分为两大部分。第一部分为文字,包括:有关90㎡以下商品住宅和保障性住房的国家及地方政策法规、住宅建筑设计标准对比一览表等。第二部分为经济适用房和保障性住房的建筑图,包括:规划总平面实例图、住宅单元平面图、户型平面图及选用表等。 | |
| 333 | @a建筑设计人员 | |
| 410 | 0 | @12001 @a现代设计集团丛书 |
| 606 | 0 | @a建筑设计@Ajian zhu she ji@y中国@z现代@j图集 |
| 606 | 0 | @a住宅@AZhu Zhai@x建筑设计@y中国@z现代@j图集 |
| 690 | @aTU241-64@v4 | |
| 690 | @aTU206@v4 | |
| 692 | @a86.15@v3 | |
| 711 | 02 | @a上海现代建筑设计(集团)有限公司@AShang Hai Xian Dai Jian Zhu She Ji ( Ji Tuan ) You Xian Gong Si@4编著 |
| 801 | 0 | @aCN@c20150822 |
| 905 | @a河南城建学院图书馆@dTU241-64@eS300 | |
| 建筑工程设计专业图库.小户型、保障性住房专篇/上海现代建筑设计(集团)有限公司编著.-北京:中国建筑工业出版社,2011 |
| 184页:图;29cm.-(现代设计集团丛书) |
| 使用对象:建筑设计人员 |
| ISBN 978-7-112-12391-9:CNY39.00 |
| 本书内容主要分为两大部分。第一部分为文字,包括:有关90㎡以下商品住宅和保障性住房的国家及地方政策法规、住宅建筑设计标准对比一览表等。第二部分为经济适用房和保障性住房的建筑图,包括:规划总平面实例图、住宅单元平面图、户型平面图及选用表等。 |
| ● |
| 相关链接 |
|
|
|
正题名:建筑工程设计专业图库
索取号:TU241-64/S300
 
预约/预借
| 序号 | 登录号 | 条形码 | 馆藏地/架位号 | 状态 | 备注 |
| 1 | 1176313 | 211763135 | 建筑库101/101建筑库 61排5列4层/ [索取号:TU241-64/S300] | 在馆 | |
| 2 | 1176314 | 211763144 | 建筑库101/101建筑库 61排5列4层/ [索取号:TU241-64/S300] | 在馆 | |
| 3 | 1176315 | 211763153 | 建筑与城市规划学院资料室/ [索取号:TU241-64/S300] | 在馆 | |
| 4 | 1241306 | 212413066 | 建筑库101/101建筑库 61排5列4层/ [索取号:TU241-64/S300] | 在馆 | |
| 5 | 1241307 | 212413075 | 建筑库101/101建筑库 61排5列4层/ [索取号:TU241-64/S300] | 在馆 | |
| 6 | 1241308 | 212413084 | 建筑库101/101建筑库 61排5列4层/ [索取号:TU241-64/S300] | 在馆 | |
| 7 | 1241309 | 212413093 | 建筑库101/101建筑库 61排5列4层/ [索取号:TU241-64/S300] | 在馆 | |
| 8 | 1241310 | 212413100 | 建筑库101/101建筑库 61排5列4层/ [索取号:TU241-64/S300] | 在馆 |